| 000 | 00974nam a22002537a 4500 | ||
|---|---|---|---|
| 001 | BD-DhSAU 95 | ||
| 003 | BD-DhSAU | ||
| 005 | 20140609110002.0 | ||
| 008 | 140109b ii a|||| |||| 001 0 eng d | ||
| 020 | _a8173714266 | ||
| 040 | _cBD-DhSAU | ||
| 082 |
_222 _a323.46 / AGR |
||
| 245 |
_aAgriculture and intellectual property rights : _bEconomic, institutional and implementation issues in biotechnology _cV. Santaniello, R E Evenson, D. Zilberman and G. A. Carlson[Edior] |
||
| 260 |
_aIndia: _bUniversities Press, _c1998. |
||
| 300 |
_aix, 260 p. : _c25 cm. |
||
| 504 | _aInclude index. | ||
| 650 | _aBiotechnology | ||
| 650 | _aAgricultural property rights | ||
| 700 | _a Santaniello, V. | ||
| 700 | _a Evenson, R E | ||
| 700 | _a Zilberman, D. | ||
| 700 | _aCarlson, G. A. | ||
| 856 | _uhttp://books.google.com.bd/books?id=ak-J8oVhYlwC&printsec=frontcover&dq=8173714266&hl=en&sa=X&ei=UGrOUs7TAsqArge-g4GgBA&redir_esc=y#v=onepage&q=8173714266&f=false | ||
| 942 |
_2ddc _cBOOK |
||
| 999 |
_c95 _d95 |
||